El Régimen presupuestario de los entes locales : el presupuesto como instrumento de gestión y planificación / Isidro Valenzuela Villarubia ; prólogo Ma José Fernández Pavés el presupuesto como instrumento de gestión y planificación / Isidro Valenzuela Villarubia ; prólogo Ma José Fernández Pavés
ISBN:
978-84-8355-420-3
Descripción Física:
259 p. ; 24 cm
Otros Autores:
Fernández Pavés, José Ma
MARC
| LEADER | 00000nam a2200000Ia 4500 | ||
|---|---|---|---|
| 001 | 23252 | ||
| 008 | 160829s2007 xx 000 0 cat d | ||
| 020 | |a 978-84-8355-420-3 | ||
| 080 | |a M-6-406 | ||
| 100 | 1 | |a Valenzuela Villarrubia, Isidro |9 16175 | |
| 245 | |a El Régimen presupuestario de los entes locales : |b el presupuesto como instrumento de gestión y planificación / Isidro Valenzuela Villarubia ; prólogo Ma José Fernández Pavés | ||
| 260 | |a Cizur Menor : |b Aranzadi, |c 2007 | ||
| 300 | |a 259 p. ; |c 24 cm | ||
| 590 | |a Bibliografia | ||
| 650 | 0 | |a Finances locals |x Dret i legislació |x Espanya |9 23875 | |
| 700 | 1 | |a Fernández Pavés, José Ma |9 46529 | |
| 901 | |a Arxiu | ||
| 942 | |n 1 | ||
| 952 | |0 0 |1 0 |4 0 |6 M6406 |7 1 |9 53260 |a Arxiu |b Arxiu |d 2011-09-15 |l 0 |o M-6-406 |p 23252 |r 2016-12-01 00:00:00 |w 2016-12-01 |y ARXIU | ||
| 999 | |c 57124 |d 57124 | ||